00326pab a2200133 454500008004000000100001600040245004500056260000900101300001100110362000800121650002600129650001800155773001900173180718b1998 xxu||||| |||| 00| 0 eng d aKalia, Anil aWomen workers: invisible and unprotected c1998 ap.9-13 aApr aWomen workers - India aWomen workers aSocial Welfare